<?xml version="1.0" encoding="UTF-8"?>
<collection xmlns="http://www.loc.gov/MARC21/slim">
 <record>
  <leader>05266cam a2200949 c 4500</leader>
  <controlfield tag="001">26917480X</controlfield>
  <controlfield tag="003">DE-627</controlfield>
  <controlfield tag="005">20260220171540.0</controlfield>
  <controlfield tag="007">tu</controlfield>
  <controlfield tag="008">990520s1999    gw |||||      00| ||ger c</controlfield>
  <datafield tag="015" ind1=" " ind2=" ">
   <subfield code="a">99,A42,1209</subfield>
   <subfield code="2">dnb</subfield>
  </datafield>
  <datafield tag="016" ind1="7" ind2=" ">
   <subfield code="a">956263615</subfield>
   <subfield code="2">DE-101</subfield>
  </datafield>
  <datafield tag="020" ind1=" " ind2=" ">
   <subfield code="a">9783446189409</subfield>
   <subfield code="q"> : DM 78,00</subfield>
  </datafield>
  <datafield tag="020" ind1=" " ind2=" ">
   <subfield code="a">3446189408</subfield>
   <subfield code="q"> : DM 78,00</subfield>
  </datafield>
  <datafield tag="035" ind1=" " ind2=" ">
   <subfield code="a">(DE-627)26917480X</subfield>
  </datafield>
  <datafield tag="035" ind1=" " ind2=" ">
   <subfield code="a">(DE-603)072270950</subfield>
  </datafield>
  <datafield tag="035" ind1=" " ind2=" ">
   <subfield code="a">(DE-576)075268132</subfield>
  </datafield>
  <datafield tag="035" ind1=" " ind2=" ">
   <subfield code="a">(DE-599)GBV26917480X</subfield>
  </datafield>
  <datafield tag="035" ind1=" " ind2=" ">
   <subfield code="a">(OCoLC)246262658</subfield>
  </datafield>
  <datafield tag="035" ind1=" " ind2=" ">
   <subfield code="a">(OCoLC)41301225</subfield>
  </datafield>
  <datafield tag="035" ind1=" " ind2=" ">
   <subfield code="a">(OCoLC)246262658</subfield>
  </datafield>
  <datafield tag="035" ind1=" " ind2=" ">
   <subfield code="a">(OCoLC)614158509</subfield>
  </datafield>
  <datafield tag="035" ind1=" " ind2=" ">
   <subfield code="a">(AT-OBV)AC02514475</subfield>
  </datafield>
  <datafield tag="035" ind1=" " ind2=" ">
   <subfield code="a">(DE-604)8125429851</subfield>
  </datafield>
  <datafield tag="040" ind1=" " ind2=" ">
   <subfield code="a">DE-627</subfield>
   <subfield code="b">ger</subfield>
   <subfield code="c">DE-627</subfield>
   <subfield code="e">rakwb</subfield>
  </datafield>
  <datafield tag="041" ind1=" " ind2=" ">
   <subfield code="a">ger</subfield>
  </datafield>
  <datafield tag="044" ind1=" " ind2=" ">
   <subfield code="c">XA-DE</subfield>
   <subfield code="c">XA-AT</subfield>
   <subfield code="c">XA-GB</subfield>
  </datafield>
  <datafield tag="050" ind1=" " ind2="0">
   <subfield code="a">B2681.L44</subfield>
  </datafield>
  <datafield tag="082" ind1="0" ind2=" ">
   <subfield code="a">193</subfield>
  </datafield>
  <datafield tag="084" ind1=" " ind2=" ">
   <subfield code="a">46</subfield>
   <subfield code="2">sdnb</subfield>
  </datafield>
  <datafield tag="084" ind1=" " ind2=" ">
   <subfield code="a">9,10</subfield>
   <subfield code="2">ssgn</subfield>
  </datafield>
  <datafield tag="084" ind1=" " ind2=" ">
   <subfield code="a">GI 6152</subfield>
   <subfield code="2">rvk</subfield>
   <subfield code="0">(DE-625)rvk/40654:11808</subfield>
  </datafield>
  <datafield tag="084" ind1=" " ind2=" ">
   <subfield code="a">LI 42257</subfield>
   <subfield code="2">rvk</subfield>
   <subfield code="0">(DE-625)rvk/96270:13285</subfield>
  </datafield>
  <datafield tag="084" ind1=" " ind2=" ">
   <subfield code="a">21.32</subfield>
   <subfield code="2">bkl</subfield>
  </datafield>
  <datafield tag="084" ind1=" " ind2=" ">
   <subfield code="a">21.31</subfield>
   <subfield code="2">bkl</subfield>
  </datafield>
  <datafield tag="084" ind1=" " ind2=" ">
   <subfield code="a">20.31</subfield>
   <subfield code="2">bkl</subfield>
  </datafield>
  <datafield tag="100" ind1="1" ind2=" ">
   <subfield code="a">Lichtenberg, Georg Christoph</subfield>
   <subfield code="d">1742-1799</subfield>
   <subfield code="0">(DE-588)118572628</subfield>
   <subfield code="0">(DE-627)133856542</subfield>
   <subfield code="0">(DE-576)161985254</subfield>
   <subfield code="4">aut</subfield>
  </datafield>
  <datafield tag="245" ind1="1" ind2="0">
   <subfield code="a">Lichtenbergs Hogarth</subfield>
   <subfield code="b">die Kalender-Erklärungen von Georg Christoph Lichtenberg mit den Nachstichen von Ernst Ludwig Riepenhausen zu den Kupferstich-Tafeln von William Hogarth</subfield>
   <subfield code="c">hrsg. von Wolfgang Promies</subfield>
  </datafield>
  <datafield tag="264" ind1=" " ind2="1">
   <subfield code="a">München</subfield>
   <subfield code="a">Wien</subfield>
   <subfield code="b">Hanser</subfield>
   <subfield code="c">1999</subfield>
  </datafield>
  <datafield tag="300" ind1=" " ind2=" ">
   <subfield code="a">355 S.</subfield>
   <subfield code="b">zahlr. Ill.</subfield>
   <subfield code="c">24 cm</subfield>
  </datafield>
  <datafield tag="336" ind1=" " ind2=" ">
   <subfield code="a">Text</subfield>
   <subfield code="b">txt</subfield>
   <subfield code="2">rdacontent</subfield>
  </datafield>
  <datafield tag="337" ind1=" " ind2=" ">
   <subfield code="a">ohne Hilfsmittel zu benutzen</subfield>
   <subfield code="b">n</subfield>
   <subfield code="2">rdamedia</subfield>
  </datafield>
  <datafield tag="338" ind1=" " ind2=" ">
   <subfield code="a">Band</subfield>
   <subfield code="b">nc</subfield>
   <subfield code="2">rdacarrier</subfield>
  </datafield>
  <datafield tag="583" ind1="1" ind2=" ">
   <subfield code="a">Archivierung/Langzeitarchivierung gewährleistet</subfield>
   <subfield code="f">SSG</subfield>
   <subfield code="x">XA-DE-BW</subfield>
   <subfield code="2">pdager</subfield>
   <subfield code="5">DE-16</subfield>
  </datafield>
  <datafield tag="650" ind1=" " ind2="4">
   <subfield code="a">Wahl</subfield>
  </datafield>
  <datafield tag="653" ind1=" " ind2="0">
   <subfield code="a">a</subfield>
   <subfield code="a">Lichtenberg, Georg Christoph</subfield>
   <subfield code="a">1742-1799</subfield>
   <subfield code="a">Aesthetics</subfield>
  </datafield>
  <datafield tag="653" ind1=" " ind2="0">
   <subfield code="a">a</subfield>
   <subfield code="a">Hogarth, William</subfield>
   <subfield code="a">1697-1764</subfield>
   <subfield code="a">Criticism and interpretation</subfield>
  </datafield>
  <datafield tag="653" ind1=" " ind2="0">
   <subfield code="a">a</subfield>
   <subfield code="a">Riepenhausen, Ernst Ludwig</subfield>
   <subfield code="a">1765-1840</subfield>
  </datafield>
  <datafield tag="689" ind1="0" ind2="0">
   <subfield code="d">p</subfield>
   <subfield code="0">(DE-588)118552805</subfield>
   <subfield code="0">(DE-627)060836547</subfield>
   <subfield code="0">(DE-576)20896150X</subfield>
   <subfield code="a">Hogarth, William</subfield>
   <subfield code="d">1697-1764</subfield>
   <subfield code="2">gnd</subfield>
  </datafield>
  <datafield tag="689" ind1="0" ind2="1">
   <subfield code="d">s</subfield>
   <subfield code="0">(DE-588)4048166-9</subfield>
   <subfield code="0">(DE-627)106192051</subfield>
   <subfield code="0">(DE-576)209076429</subfield>
   <subfield code="a">Radierung</subfield>
   <subfield code="2">gnd</subfield>
  </datafield>
  <datafield tag="689" ind1="0" ind2=" ">
   <subfield code="5">DE-101</subfield>
  </datafield>
  <datafield tag="689" ind1="1" ind2="0">
   <subfield code="d">p</subfield>
   <subfield code="0">(DE-588)118745239</subfield>
   <subfield code="0">(DE-627)133812189</subfield>
   <subfield code="0">(DE-576)209393580</subfield>
   <subfield code="a">Riepenhausen, Ernst Ludwig</subfield>
   <subfield code="d">1762-1840</subfield>
   <subfield code="2">gnd</subfield>
  </datafield>
  <datafield tag="689" ind1="1" ind2="1">
   <subfield code="d">s</subfield>
   <subfield code="0">(DE-588)4033760-1</subfield>
   <subfield code="0">(DE-627)106256017</subfield>
   <subfield code="0">(DE-576)209003383</subfield>
   <subfield code="a">Kupferstich</subfield>
   <subfield code="2">gnd</subfield>
  </datafield>
  <datafield tag="689" ind1="1" ind2="2">
   <subfield code="d">u</subfield>
   <subfield code="0">(DE-588)4434959-2</subfield>
   <subfield code="0">(DE-627)222528893</subfield>
   <subfield code="0">(DE-576)212413406</subfield>
   <subfield code="a">Lichtenberg, Georg Christoph</subfield>
   <subfield code="d">1742-1799</subfield>
   <subfield code="t">Ausführliche Erklärung der Hogarthischen Kupferstiche</subfield>
   <subfield code="2">gnd</subfield>
  </datafield>
  <datafield tag="689" ind1="1" ind2=" ">
   <subfield code="5">(DE-627)</subfield>
  </datafield>
  <datafield tag="700" ind1="1" ind2=" ">
   <subfield code="a">Riepenhausen, Ernst Ludwig</subfield>
   <subfield code="d">1762-1840</subfield>
   <subfield code="e">Ill.</subfield>
   <subfield code="0">(DE-588)118745239</subfield>
   <subfield code="0">(DE-627)133812189</subfield>
   <subfield code="0">(DE-576)209393580</subfield>
   <subfield code="4">ill</subfield>
  </datafield>
  <datafield tag="700" ind1="1" ind2=" ">
   <subfield code="a">Promies, Wolfgang</subfield>
   <subfield code="d">1935-2002</subfield>
   <subfield code="e">Hrsg.</subfield>
   <subfield code="0">(DE-588)116304839</subfield>
   <subfield code="0">(DE-627)077815637</subfield>
   <subfield code="0">(DE-576)290436370</subfield>
   <subfield code="4">edt</subfield>
  </datafield>
  <datafield tag="700" ind1="1" ind2=" ">
   <subfield code="a">Hogarth, William</subfield>
   <subfield code="d">1697-1764</subfield>
   <subfield code="e">Ill.</subfield>
   <subfield code="0">(DE-588)118552805</subfield>
   <subfield code="0">(DE-627)060836547</subfield>
   <subfield code="0">(DE-576)20896150X</subfield>
   <subfield code="4">ill</subfield>
  </datafield>
  <datafield tag="787" ind1="0" ind2="8">
   <subfield code="i">Rezension</subfield>
   <subfield code="a">Hagestedt, Lutz</subfield>
   <subfield code="t">Lang lebe Lichtenberg</subfield>
   <subfield code="d">1999</subfield>
   <subfield code="w">(DE-627)785882456</subfield>
  </datafield>
  <datafield tag="787" ind1="0" ind2="8">
   <subfield code="i">Rezension</subfield>
   <subfield code="a">Krysmanski, Bernd, 1955 - </subfield>
   <subfield code="t">[Rezension von: Lichtenbergs Hogarth, die Kalender-Erklärungen von Georg Christoph Lichtenberg mit den Nachstichen von Ernst Ludwig Riepenhausen zu den Kupferstich-Tafeln von William Hogarth, hrsg. von Wolfgang Promies]</subfield>
   <subfield code="d">2000</subfield>
   <subfield code="w">(DE-627)322026601</subfield>
  </datafield>
  <datafield tag="787" ind1="0" ind2="8">
   <subfield code="i">Rezensiert in</subfield>
   <subfield code="a">Krysmanski, Bernd, 1955 - </subfield>
   <subfield code="t">[Rezension von: Wolfgang Promies (Hrsg.), Lichtenbergs Hogarth]</subfield>
   <subfield code="d">2000</subfield>
   <subfield code="w">(DE-627)1921647027</subfield>
  </datafield>
  <datafield tag="787" ind1="0" ind2="8">
   <subfield code="i">Rezensiert in</subfield>
   <subfield code="w">(DE-603)13149774X</subfield>
  </datafield>
  <datafield tag="856" ind1="4" ind2="2">
   <subfield code="u">http://www.gbv.de/dms/hebis-darmstadt/toc/72270950.pdf</subfield>
   <subfield code="m">V:DE-603</subfield>
   <subfield code="m">B:DE-17</subfield>
   <subfield code="q">pdf/application</subfield>
   <subfield code="x">Verlag</subfield>
   <subfield code="y">Inhaltsverzeichnis</subfield>
   <subfield code="3">Inhaltsverzeichnis</subfield>
   <subfield code="7">1</subfield>
  </datafield>
  <datafield tag="856" ind1="4" ind2="2">
   <subfield code="u">https://swbplus.bsz-bw.de/bsz075268132rez.htm</subfield>
   <subfield code="m">V:DE-576</subfield>
   <subfield code="v">2005-09-15</subfield>
   <subfield code="3">Rezension</subfield>
   <subfield code="7">1</subfield>
  </datafield>
  <datafield tag="856" ind1="4" ind2="2">
   <subfield code="u">http://scans.hebis.de/HEBCGI/show.pl?07227095_toc.pdf</subfield>
   <subfield code="m">V:DE-603;B:DE-17</subfield>
   <subfield code="q">application/pdf</subfield>
   <subfield code="3">Inhaltsverzeichnis</subfield>
   <subfield code="7">1</subfield>
  </datafield>
  <datafield tag="856" ind1="4" ind2="2">
   <subfield code="u">http://scans.hebis.de/HEBCGI/show.pl?07227095_rez.pdf</subfield>
   <subfield code="m">V:DE-576</subfield>
   <subfield code="q">application/pdf</subfield>
   <subfield code="3">Rezension</subfield>
   <subfield code="7">1</subfield>
  </datafield>
  <datafield tag="935" ind1=" " ind2=" ">
   <subfield code="i">Blocktest</subfield>
  </datafield>
  <datafield tag="936" ind1="r" ind2="v">
   <subfield code="a">GI 6152</subfield>
   <subfield code="b">Einzelausgaben</subfield>
   <subfield code="k">Germanistik. Niederlandistik. Skandinavistik</subfield>
   <subfield code="k">Deutsche Literatur</subfield>
   <subfield code="k">Das Zeitalter der Aufklärung und der Empfindsamkeit</subfield>
   <subfield code="k">Textsammlungen. Anthologien. Almanache. Zeitschriften</subfield>
   <subfield code="k">Einzelne Autoren</subfield>
   <subfield code="k">Autoren L</subfield>
   <subfield code="k">Lichtenberg, Georg Christoph</subfield>
   <subfield code="k">Einzelausgaben</subfield>
   <subfield code="0">(DE-627)1270707213</subfield>
   <subfield code="0">(DE-625)rvk/40654:11808</subfield>
   <subfield code="0">(DE-576)200707213</subfield>
  </datafield>
  <datafield tag="936" ind1="r" ind2="v">
   <subfield code="a">LI 42257</subfield>
   <subfield code="b">der Künstler als Zeichner, Grafiker</subfield>
   <subfield code="k">Kunstgeschichte</subfield>
   <subfield code="k">Künstler-Monografien</subfield>
   <subfield code="k">Alphabetische Künstlerliste</subfield>
   <subfield code="k">Künstler H</subfield>
   <subfield code="k">Hogarth, William (bis 42260)</subfield>
   <subfield code="k">der Künstler als Zeichner, Grafiker</subfield>
   <subfield code="0">(DE-627)1271965909</subfield>
   <subfield code="0">(DE-625)rvk/96270:13285</subfield>
   <subfield code="0">(DE-576)201965909</subfield>
  </datafield>
  <datafield tag="936" ind1="b" ind2="k">
   <subfield code="a">21.32</subfield>
   <subfield code="j">Geschichte der Graphik</subfield>
   <subfield code="0">(DE-627)106405756</subfield>
  </datafield>
  <datafield tag="936" ind1="b" ind2="k">
   <subfield code="a">21.31</subfield>
   <subfield code="j">Graphische Technik</subfield>
   <subfield code="j">Graphisches Material</subfield>
   <subfield code="x">Kunst</subfield>
   <subfield code="0">(DE-627)106421786</subfield>
  </datafield>
  <datafield tag="936" ind1="b" ind2="k">
   <subfield code="a">20.31</subfield>
   <subfield code="j">Bildende Künstler</subfield>
   <subfield code="0">(DE-627)181571080</subfield>
  </datafield>
  <datafield tag="936" ind1="s" ind2="n">
   <subfield code="a">g100</subfield>
   <subfield code="2">mzub</subfield>
  </datafield>
  <datafield tag="936" ind1="s" ind2="n">
   <subfield code="a">l300</subfield>
   <subfield code="2">mzub</subfield>
  </datafield>
  <datafield tag="951" ind1=" " ind2=" ">
   <subfield code="a">BO</subfield>
  </datafield>
  <datafield tag="990" ind1=" " ind2=" ">
   <subfield code="a">Hogarth, William</subfield>
  </datafield>
  <datafield tag="990" ind1=" " ind2=" ">
   <subfield code="a">Radierung</subfield>
  </datafield>
  <datafield tag="990" ind1=" " ind2=" ">
   <subfield code="a">Riepenhausen, Ernst Ludwig</subfield>
  </datafield>
  <datafield tag="990" ind1=" " ind2=" ">
   <subfield code="a">Kupferstich</subfield>
  </datafield>
  <datafield tag="990" ind1=" " ind2=" ">
   <subfield code="a">Lichtenberg, Georg Christoph / Ausführliche Erklärung der Hogarthischen Kupferstiche</subfield>
  </datafield>
  <datafield tag="991" ind1=" " ind2=" ">
   <subfield code="a">Rezensiertes Werk</subfield>
  </datafield>
  <datafield tag="999" ind1=" " ind2=" ">
   <subfield code="a">KXP-PPN26917480X</subfield>
   <subfield code="e">4923480971</subfield>
  </datafield>
 </record>
</collection>
